01389cam a2200385 45000010008000000030009000080050017000170070008000340080034000420150007000760170009000830200015000920350006001070400025001130800006001380800006001440820027001501000029001772450203002062460028004092600033004373000020004705040031004905340050005215900026005716000068005976500047006656500022007126500031007347000044007659100040008099420012008499520127008619990015009884846075DO-SdBNP20230320124402.04846075101022s2002 mx |||| 000 0 spa  a  a b  a9681910893 a  aBPMSUbspacBPMSUe  a  a  4a530.1 bP238u 20022221 aParker, Barryd1867-194713aEl universo de Einstein :buna obra indispensable para comprender la vida y las ideas del científico más importante del Siglo XX / c Barry Parker ; traducción Fernando Álvarez del Castillo 13aEl universo de Einstein aMéxico : bAguilar c2002 a323 p. ;c24 cm aBibliografía: p. 207-208 bTítulo original : tEinstein is Brainchild  6Inventariado, 2023/VM17aEinstein, Albertd1879-1955xCrítica e interpretación. 2  4aRelatividad (Física) v Teorías.2 y  4aCosmología. 2  4vTeorías.aGravitación 1 aÁlvarez del Castillo, Fernando etr.  aVMateo V. Cotrol de calidad (BPMSU) 2ddccBK 00102ddc40708CGaBPMETbBPMETd2016-03-16eFUNDIoBPMSU CG 530.1 P238u 2002pBPMSU16030137r2016-03-16w2016-03-16yBK c9262d9262